Регионална библиотека "Любен Каравелов" - Русе

Хрониките на Клифтън : Т. 6 (Запис номер 178428)

MARC детайли
000 -Лидер
Контролно поле с фиксирана дължина 01533nam a2200373 c 4500
003 - Код на организацията, давaща контролен номер
Контролно поле BLK
005 - Дата и час на последна редакция
Контролно поле 20250718120944.0
008 - Елементи от данни с фиксирана дължина
fixed length control field 180411b bul|||||r ||||||| ||bul||
010 ## - Наследен системен номер
LC control number KNG00187150000
020 ## - Международен стандартен номер на книга ISBN
Международен стандартен номер на книга ISBN 978-954-655-664-6
040 ## - Източник на каталожния запис
Идентификатор на билиотеката - собственик на записа BLK
041 ## - Код за език
Код за езика на текст/звукозапис или на отделно заглавие Български
Код за езика КДБФ Български
072 #7 - Код за тематичната категория
Код организация bullib
Код за тематична категория Н83
Текст Чужда художествена литература Н
080 ## - УДК
Текстов определител УДК Английска литература
УДК код - определител по УДК 821.111
УДК определител -31
УДК - код + определител 821.111-31
100 ## - Редна дума - Автор
Автор Арчър, Джефри
R(LIN) 246108
139 ## - Редно поле
Редна дума Арчър, Джефри
Авторски знак Арц - А 91
245 10 - Сведения за заглавието
Заглавие Хрониките на Клифтън : Т. 6
Подзаглавни данни Роман : Т. 1 -
Редно поле (дума) Джефри Арчър; прев. Венцислав Божидаров Божилов.
Том Т. 6
Заглавие на том Иде часът
257 ## - Страна на издаване
Страна на създаване/издаване Великобритания
260 ## - Област на издателските данни
Име на издателя, разпространителя и проч. Бард
Година на издаване 2011 -
Печатница София : Алианс принт
300 ## - Физическа характеристика
Размери/Мащаб 20 см
380 ## - Жанр
Жанр Худож. лит.
500 ## - Общи забележки
Забележка Ориг. загл. The Clifton Chronicles / Jeffrey Archer. - Офс. изд.
653 ## - Ключова дума – ненормативна
Ключова дума романи
659 ## - Тематичен бюлетин
Тематичен бюлетин Н
700 ## - Други автори (авторска отговорност)
Лично име Божилов, Венцислав Божидаров
Звания и думи, свързани с автора Теодосиев, Стефан, 1968- (псевдоним)
Дати, свързани с автора 1968-
9 (RLIN) 367877
760 1# - Описание на основната серия
Редна дума на основното описание Арчър, Джефри
Място на издаване, издател и година 2016
Страници - том 480 с.
Забележка - том Ориг. загл. Cometh the Hour.
Заглавие Т. 6 Иде часът
852 ## - Местоположение
Форматна сигнатура Цб 253957
856 4# - Електронен адрес и достъп
Електронен формат pdf - файл
856 4# - Електронен адрес и достъп
Електронен формат pdf - файл
999 ## - СИСТЕМНИ КОНТРОЛНИ НОМЕРА
Koha biblionumber 178428
Koha biblioitemnumber 178428
942 ## - АРТИКУЛИ
Вид на библиотечния материал Книги
Скрит в OPAC Не
Koha issues (borrowed), all copies 154
944 ## - СЪЗДАВАНЕ И РЕДАКЦИЯ на ЗАПИСА
Създаване/Редакция Създаване
Дата на регистрацията/редакция 16.03.2016
Статус, дата на статуса Минев Младен
Служител, извършил регистрацията/редакцията 30530
944 ## - СЪЗДАВАНЕ И РЕДАКЦИЯ на ЗАПИСА
Създаване/Редакция Редакция
Дата на регистрацията/редакция 12.06.2017
Статус, дата на статуса ф /
Служител, извършил регистрацията/редакцията Пенка_Димитрова
999 ## - СИСТЕМНИ КОНТРОЛНИ НОМЕРА
Koha biblioitemnumber 178428
Наличности
Код за отписване Код за изгубен артикул Източник на класификационната схема Код за повреда Коз за рестрикции Код за отдаване Артикулен № Име на библиотеката - собственик Име на библиотеката, в която се намира в момента Статус (Текущо местоположение) Дата на вписване в системата Местоположение - отдел Цена в лева Инвентарен номер Систематично азбучна сигнатура Баркод Номер на екземпляра Цена в евро Служебна бележка Служебен тип на артикула
  Не е изгубен Universal Decimal Classification Не е повреден без рестрикции заемане за дома 306406 Регионална библиотека "Любен Каравелов" Русе Регионална библиотека "Любен Каравелов" Русе Заемна - подръчен фонд 2016-03-17 Заемна - подръчен фонд 12.48 120000798964 П 821-31/А 91 120000798964 1 6.38 Дост: Pk Вид: Ф N: 625 Дата: 12.03.2016 Дата инв: 12.03.2018 Бележки инв: П2018 Книги
Изтеглен Не е изгубен Universal Decimal Classification Не е повреден без рестрикции заемане за дома 306407 Регионална библиотека "Любен Каравелов" Русе Регионална библиотека "Любен Каравелов" Русе Заемна - подръчен фонд 2016-03-17 Заемна - подръчен фонд 12.48 120000798965 П 820-31/А 91 120000798965 2 6.38 Дост: Pk Вид: Ф N: 625 Дата: 12.03.2016 Дата инв: 16.02.2018 Бележки инв: П2018 Книги
  Не е изгубен   Не е повреден без рестрикции заемане за дома 306408 Регионална библиотека "Любен Каравелов" Русе Регионална библиотека "Любен Каравелов" Русе Заемна - подръчен фонд 2016-03-25 Заемна - подръчен фонд 12.47 120000799167 П 820-31/А 91 120000799167 3 6.38 Дост: Pk Вид: Ф N: 632 Дата: 25.03.2016 Дата инв: 01.03.2018 Бележки инв: П2018 Книги
  Не е изгубен Universal Decimal Classification Не е повреден без рестрикции заемане за дома 306409 Регионална библиотека "Любен Каравелов" Русе Регионална библиотека "Любен Каравелов" Русе Заемна - подръчен фонд 2016-12-21 Заемна - подръчен фонд 15.99 120000807021 П 821-31/А 91 120000807021 4 8.18 Дост: Pk Вид: Ф N: 475 Дата: 19.12.2016 Дата инв: 16.02.2018 Бележки инв: П2018 Книги
Изтеглен Не е изгубен Universal Decimal Classification Не е повреден без рестрикции заемане за дома 306410 Регионална библиотека "Любен Каравелов" Русе Регионална библиотека "Любен Каравелов" Русе Заемна - подръчен фонд 2016-12-21 Заемна - подръчен фонд 15.99 120000807022 П 821-31/А 91 120000807022 5 8.18 Дост: Pk Вид: Ф N: 475 Дата: 19.12.2016 Дата инв: 14.02.2018 Бележки инв: П2018 Книги
  Не е изгубен   Не е повреден без рестрикции ползва се в читалня 306411 Регионална библиотека "Любен Каравелов" Русе Регионална библиотека "Любен Каравелов" Русе Хранилище 2017-06-09 Хранилище 15.99 120000812118 Цб 253957 120000812118 6 8.18 Дост: Dp Вид: Д N: 19 Дата: 11.04.2017 Книги
Vip Innovations Ltd, Rousse, Bulgaria 2025